000 00515cab a22001815a 4500
001 L140711
008 071008e18470220xxk 000 0 eng d
035 _a(Sirsi) u140711
041 0 _aeng
245 0 0 _aGeorge Robins Esq.
260 _c1847
490 _aPictorial Times
_v20 February 1847, 121(1)
520 _aAn obituary and portrait of the auctioneer George Robins, who died on 8 February 1847.
600 1 4 _aRobins, George
651 4 _aUnited Kingdom
_y
690 _aAuctioneering
_96218
942 _n0
999 _c79320
_d79320